Basic English Grammer/ (Record no. 176396)

MARC details
000 -LEADER
fixed length control field 00768nam a22002057a 4500
005 - DATE AND TIME OF LATEST TRANSACTION
control field 20201217161027.0
010 ## - LCCN (DPL NO)
LC control number ENG-128698
020 ## - INTERNATIONAL STANDARD BOOK NUMBER
International Standard Book Number 978-93-534-3786-2
Terms of availability 415.00
035 ## - SYSTEM CONTROL NUMBER
System control number EN-112230
037 ## - SOURCE OF ACQUISITION
Source of stock number/acquisition DBAD/PUB
082 ## - DEWEY DECIMAL CLASSIFICATION NUMBER
Classification number 425
100 ## - MAIN ENTRY--PERSONAL NAME
Personal name Azar, Betty S.
245 ## - TITLE STATEMENT
Title Basic English Grammer/
Statement of responsibility, etc Betty S. Azar and Stacy A.Hagen
250 ## - EDITION STATEMENT
Edition statement 4th
260 ## - PUBLICATION, DISTRIBUTION, ETC. (IMPRINT)
Place of publication, distribution, etc Uttar Pradesh
Name of publisher, distributor, etc Pearson India Education Services Pvt. Ltd.
Date of publication, distribution, etc 2019
270 ## - ADDRESS
City Uttar Pradesh
Postal code 201301
Address 15th Floor, Tower-B, World Trade Tower, Plot No.- 1, Block-C, Sector-16, Noida
Electronic mail address companysecretary.india@pearson.com
Telephone number 044-66540100
300 ## - PHYSICAL DESCRIPTION
Extent xii+510p..
Dimensions 25cm(pbk)
Other physical details Including, Tables, Illustrations and Index.
700 ## - ADDED ENTRY--PERSONAL NAME
Personal name Hagen, Stacy A.
942 ## - ADDED ENTRY ELEMENTS (KOHA)
Source of classification or shelving scheme Dewey Decimal Classification
Item type English Books
Classification part 425
Call number suffix AZA
Holdings
Withdrawn status Lost status Not for loan Collection code Home library Current library Date acquired Source of acquisition Cost, normal purchase price Full call number Barcode Copy number Cost, replacement price Koha item type
    Not For Loan Non-fiction D.B.Act.Division D.B.Act.Division 17/12/2020 DBAD/PUB 415.00 425 AZA EN-112230 1 415.00 English Books

© Delhi Public Library
Hit Counter
free hit counter